00294nam a2200085Ia 4500008004100000041000800041100002000049245010800069260003100177241105s9999 xx 000 0 und d aeng aPednekar Ketaki aImpacts Of Religious Tourism On Mahalakshmi Temple Precinct, Kolhapur Through Environmental Perspective bBNCA M Arch EA, Punec2017